[Event "Bad Soden U14 op"]
[Site "Bad Soden"]
[Date "2019.10.06"]
[Round "9"]
[White "Li, Toplink"]
[Black "Oezyar, Arin"]
[Result "1-0"]
[WhiteElo "987"]
[BlackElo "1345"]
[PlyCount "67"]
[EventDate "2019.10.03"]
[EventType "swiss"]
[EventRounds "9"]
[EventCountry "GER"]
[SourceTitle "CBM 192 Extra"]
[Source "Chessbase"]
[SourceDate "2019.11.06"]
[SourceVersion "1"]
[SourceVersionDate "2019.11.06"]
[SourceQuality "1"]

1. e4 e5 2. Nf3 Nc6 3. d4 exd4 4. Nxd4 Bc5 5. Be3 Qf6 6. c3 Nxd4 7. cxd4 Bb4+ 8. Nc3 Qc6 9. Qd2 Nf6 10. f3 0-0 11. Bd3 d5 12. e5 Nd7 13. a3 Ba5 14. b4 Bb6 15. Qc2 Kh8 16. f4 Re8 17. 0-0 f6 18. Rae1 fxe5 19. fxe5 g6 20. a4 Nxe5 21. Bb5 Qd6 22. Bxe8 Bf5 23. Rxf5 gxf5 24. dxe5 Qxe5 25. Qd2 Rxe8 26. Nxd5 Rd8 27. Bxb6 Rxd5 28. Rxe5 Rxd2 29. Bxc7 Rd4 30. Rxf5 Rxb4 31. Rg5 h6 32. Be5+ Kh7 33. Rg7+ Kh8 34. Rg4+ 1-0

[Event "Bad Soden U14 op"]
[Site "Bad Soden"]
[Date "2019.10.04"]
[Round "3"]
[White "Li, Toplink"]
[Black "Kramer, Theodor"]
[Result "1-0"]
[WhiteElo "987"]
[BlackElo "862"]
[PlyCount "33"]
[EventDate "2019.10.03"]
[EventType "swiss"]
[EventRounds "9"]
[EventCountry "GER"]
[SourceTitle "CBM 192 Extra"]
[Source "Chessbase"]
[SourceDate "2019.11.06"]
[SourceVersion "1"]
[SourceVersionDate "2019.11.06"]
[SourceQuality "1"]

1. e4 e5 2. Nf3 Nc6 3. Bb5 Nf6 4. 0-0 Bc5 5. Nxe5 Nxe5 6. d4 0-0 7. dxe5 Nxe4 8. Qd5 c6 9. Qxe4 cxb5 10. Bf4 d6 11. Rd1 Re8 12. b4 Bb6 13. Nc3 Bc7 14. Nxb5 Qe7 15. Nxc7 Qxc7 16. exd6 f5 17. Qxe8# 1-0

[Event "Bad Soden U14 op 5th"]
[Site "Bad Soden"]
[Date "2018.10.03"]
[Round "9.21"]
[White "Li, Toplink"]
[Black "Nastassine, Alexey"]
[Result "0-1"]
[WhiteElo "834"]
[BlackElo "881"]
[PlyCount "94"]
[EventDate "2018.09.30"]
[EventType "swiss"]
[EventRounds "7"]
[EventCountry "GER"]
[SourceTitle "EXT 2020"]
[Source "ChessBase"]
[SourceDate "2019.10.17"]
[SourceVersion "1"]
[SourceVersionDate "2019.10.17"]
[SourceQuality "1"]

1. e4 e5 2. Nf3 Nc6 3. Bb5 Nf6 4. 0-0 Nxe4 5. Bxc6 dxc6 6. Nxe5 Bc5 7. Nxf7 Kxf7 8. Qf3+ Nf6 9. Nc3 Kg8 10. d3 Be7 11. Qg3 h6 12. Bf4 Bd6 13. Rfe1 Bxf4 14. Qxf4 Kh7 15. Qd2 Nd5 16. Ne2 Nf6 17. c3 Ne4 18. Qc2 Nd6 19. Nf4 Qg5 20. g3 Bf5 21. Ne6 Bxe6 22. Rxe6 Qf5 23. Re7 Rac8 24. c4 c5 25. Qc3 Rhg8 26. Rd1 b5 27. cxb5 Nxb5 28. Qa5 c6 29. a4 Nd6 30. Qxa7 Rcf8 31. f4 Nc8 32. Qc7 Nxe7 33. Qxe7 Re8 34. Qb7 Qf6 35. b3 Qd4+ 36. Kf1 Qb2 37. Rb1 Qxb1+ 38. Kg2 Qxd3 39. a5 Qd2+ 40. Kh3 Re2 41. Qxc6 Qxa5 42. f5 Rb2 43. g4 g5 44. Qf3 Rb8 45. b4 R8xb4 46. f6 R4b3 47. Qxb3 Rxb3+ 0-1